00731cam a2200205 45000010005000000030008000050050017000130080039000300350018000690400032000870410008001190820027001271000038001542450084001922600050002763000031003265040065003576500057004226500046004796878BD-RjUL20211208234330.0120114s1946 nyua b 000 0 eng a(BD-RjUL)6920 aDLCcDLCdDLCdBD-RjULbeng aeng00a507.1173218bHOS 19461 aHornberger, Theodore,d1906-1975.10aScientific thought in the American colleges, 1638-1800. /cTheodore Hornberger. aAustin :b University of Texas Press,cc1946. a108 p. ;billus. ;c22 cm. aBibliographical references included in "Notes" (p. [89]-103) 0aSciencexStudy and teaching (Higher)zUnited States. 0aUniversities and collegeszUnited States.